CURRICULUM DEVELOPMENT IN NURSING EDUCATION (Record no. 6815)

MARC details
000 -LEADER
fixed length control field 00376nam a2200145Ia 4500
008 - FIXED-LENGTH DATA ELEMENTS--GENERAL INFORMATION
fixed length control field 150301s2015 xx 000 0 und d
082 ## - DEWEY DECIMAL CLASSIFICATION NUMBER
Classification number 610.7
Item number C15I
100 ## - MAIN ENTRY--PERSONAL NAME
Personal name IWASIW,CARROLL L.
245 ## - TITLE STATEMENT
Title CURRICULUM DEVELOPMENT IN NURSING EDUCATION
250 ## - EDITION STATEMENT
Edition statement 3RD
260 ## - PUBLICATION, DISTRIBUTION, ETC. (IMPRINT)
Name of publisher, distributor, etc. JONES & BARTEETT.INDIA
Date of publication, distribution, etc. 2015
300 ## - PHYSICAL DESCRIPTION
Extent 451
650 ## - SUBJECT ADDED ENTRY--TOPICAL TERM
Topical term or geographic name as entry element CURRICULUM DEVELOPMENT
942 ## - ADDED ENTRY ELEMENTS (KOHA)
Source of classification or shelving scheme Dewey Decimal Classification
Koha item type Books
Holdings
Withdrawn status Lost status Source of classification or shelving scheme Damaged status Not for loan Collection code Home library Current library Shelving location Date acquired Source of acquisition Cost, normal purchase price SGTU Bill Number Total Checkouts Full call number Barcode Date last seen Bill Date Koha item type
    Dewey Decimal Classification     NURSING SGT Medical Library SGT Medical Library Text Book 02/07/2015 ABC DELHI 695.00 SGTU 5533   610.7 C15I FN2726 02/07/2015 25/03/2015 Books
    Dewey Decimal Classification     NURSING SGT Medical Library SGT Medical Library Text Book 02/07/2015 ABC DELHI 695.00 SGTU 5533   610.7 C15I FN2727 02/07/2015 25/03/2015 Books
    Dewey Decimal Classification     NURSING SGT Medical Library SGT Medical Library Text Book 02/07/2015 ABC DELHI 695.00 SGTU 5533   610.7 C15I FN2728 02/07/2015 25/03/2015 Books
    Dewey Decimal Classification     NURSING SGT Medical Library SGT Medical Library Text Book 02/07/2015 ABC DELHI 695.00 SGTU 5533   610.7 C15I FN2729 02/07/2015 25/03/2015 Books
    Dewey Decimal Classification     NURSING SGT Medical Library SGT Medical Library Text Book 02/07/2015 ABC DELHI 695.00 SGTU 5533   610.7 C15I FN2730 02/07/2015 25/03/2015 Books